| 000 | 00807nam a2200241Ia 4500 | ||
|---|---|---|---|
| 003 | GCL | ||
| 005 | 20240530095154.0 | ||
| 008 | 140319s9999 xx 000 0 ara d | ||
| 020 | _a8325066977 | ||
| 040 |
_aGCL / _cGCL |
||
| 082 | 0 | 4 |
_a320.09569 _bرأ |
| 100 | 1 | _aرجاء جارودى | |
| 245 | 1 | 0 |
_aالاساطير المؤسسة للسياسة الاسرائيلية / _cرجاء جارودى |
| 250 | _aالاولى | ||
| 260 |
_aالقاهرة : _bدار الغد العربى ، _c1996 |
||
| 300 |
_a226 ص ؛ _c18 سم |
||
| 490 |
_aكتاب الغد _v1 |
||
| 650 | 0 | 4 | _aالاحوال السياسية |
| 650 | 0 | 4 | _aالدعاية الصهيونية |
| 650 | 0 | 4 | _aالصهيونية واليهودية |
| 650 | 0 | 4 | _aاسرائيل - الاحوال السياسية |
| 942 |
_2ddc _cBK |
||
| 999 |
_c4596 _d4596 |
||